000 00574nam a22002297a 4500
003 UA-OsUOA
001 34191
007 ta
008 20050926b un ||||| |||| 00| 0 ukr d
100 _aОстровський А. Н.
090 _a821.161.1
_bО-77
942 _cBK
040 _aUA-OsUOA
_brus
_cUA-OsUOA
_dUA-OsUOA
245 _aПьесы
300 _a399 с.
955 _a3
041 _arus
080 _a821.161.1
260 _aМ.
_bПравда
_c1982
650 7 _a82 Література. Літературознавство
_2UDC
999 _c320622
_d320622